• 首页
  • 本馆介绍
  • 公告通知
  • 最新文献
  • 馆藏检索
  • 电子资源
  • 读者导购
  • 参考咨询
  • 我的图书馆
  • 登录
  • 详细信息显示
  • 放入我的书架
  • 预约/预借图书
  • 作者相关作品
  • 分类相关作品
  • 丛书相关作品
  • 出版社相关作品

书目信息

  • 表格格式
  • 工作单格式
  • 卡片格式
题名:
应用写作训练题集
    
 
作者: 张俊明 主编
分册:  
出版信息: 天津   天津人民出版社  1994
页数: 299页
开本: 19cm
丛书名:
单 册:
中图分类: H152.3-44
科图分类: 41.2383055
主题词: 应用文-写作--习题 , 写作-应用文--习题
电子资源:
ISBN: 7-201-01939-2
000 00704nnam 2200241 45
001 0196004819
005 20070714102044.60
010    @a7-201-01939-2@dCNY9.50
100    @a19950615d1994 em y0chiy0121 ea
101 0  @achi
102    @aCN@b120000
105    @ay zq 000yy
200 10 @a应用写作训练题集@AYING YONG XIE ZUO XUN LIAN TI JI@f张俊明等主编@FZHANG JUN MING DENG ZHU BIAN
210    @a天津@c天津人民出版社@d1994
215    @a299页@d19cm
314    @a张俊明,哈尔滨大学副教授
606    @a应用文-写作@x习题
606    @a写作-应用文@x习题
690    @aH152.3-44
692    @a41.2383055
701  0 @a张俊明@AZHANG JUN MING@4主编
801  0 @aCN@bTSSF@c20070714
905    @a10447@dH152.3-44@e410
    
    应用写作训练题集/张俊明等主编.-天津:天津人民出版社,1994
    299页;19cm
    
    
    ISBN 7-201-01939-2:CNY9.50
    
●
相关链接 在E读中查询图书 在五车中查询图书 在当当中查询图书 在豆瓣中查询图书


正题名:应用写作训练题集     索取号:H152.3-44/410         预约/预借

序号 登录号 条形码 馆藏地/架位号 状态 备注
1 0765899   207658998   第二样本阅览室/ [索取号:H152.3-44/410] 在馆    
唐山师范学院图书馆 欢迎您!
大连网信软件有限公司© 版权所有